| 000 | 00424cam a2200181ua 4500 | ||
|---|---|---|---|
| 020 | _cRs 3.00 | ||
| 041 |
_ahin _h |
||
| 082 |
_a891.54 _bSAT/GU |
||
| 100 | _aSatyendra, . | ||
| 245 |
_aGuptji ki kala / _cSatyendra. _hTextual Documents |
||
| 250 |
_a10 / _b. |
||
| 260 |
_a : _bSahitya Ratna Bhandar , _c1959. |
||
| 300 | _a137 ; . | ||
| 365 | _aRs 3.00 | ||
| 504 | _a | ||
| 942 | _cBK | ||
| 999 |
_c3680 _d3680 |
||